000 01271nam a2200337Ia 4500
001 ebr10567108
003 CaPaEBR
006 m u
007 cr cn|||||||||
008 960603s1996 enka sb 001 0 eng d
010 _z 96068421
020 _z0761950206
020 _z0761950214
020 _z9780761950219
020 _z9781446264287
040 _aCaPaEBR
_cCaPaEBR
035 _a(OCoLC)797836013
050 1 4 _aHF5549.5.C8
_bC37 1996eb
082 0 4 _a658.3/85
_221
100 1 _aCarroll, Michael.
245 1 0 _aWorkplace counselling
_h[electronic resource] :
_ba systematic approach to employee care /
_cMichael Carroll.
260 _aLondon :
_bThousand Oaks, Calif. :
_bSage,
_c1996.
300 _axiii, 247 p. :
_bill.
504 _aIncludes bibliographical references (p.[233]-242) and index.
533 _aElectronic reproduction.
_bPalo Alto, Calif. :
_cebrary,
_d2011.
_nAvailable via World Wide Web.
_nAccess may be limited to ebrary affiliated libraries.
650 0 _aEmployees
_xCounseling of.
650 0 _aWork environment.
655 7 _aElectronic books.
_2local
710 2 _aebrary, Inc.
856 4 0 _uhttp://site.ebrary.com/lib/rucke/Doc?id=10567108
_zAn electronic book accessible through the World Wide Web; click to view
999 _c93213
_d93213